| 000 | 01031nam a2200241 4500 | ||
|---|---|---|---|
| 005 | 20220215111740.0 | ||
| 008 | 220215s2020 ck a|||gr|||| 00| 0 spa d | ||
| 020 | _a9789587844825 | ||
| 040 |
_aCO-BoUCM _bspa _cDeissy Garcia _dDeissy Garcia |
||
| 041 | 0 | _aspa | |
| 100 | 1 |
_9173425 _aFarfán Rodríguez, John |
|
| 245 | 1 | 4 |
_aUna ciudad al occidente _bejidos, urbanizaciones y barrios obreros en Bogotá _cJohn Farfán Rodríguez |
| 260 |
_aBogotá _bUniversidad del Rosario _bUniversidad Nacional Colombia _c2020 |
||
| 300 |
_a270 páginas _bilustraciones, fotografías, mapas, planos |
||
| 504 | _aIncluye referencias bibliográficas | ||
| 650 | 7 |
_aUrbanismo _xHistoria _zBogotá (Colombia) _9173426 |
|
| 650 | 7 |
_aTenencia de la tierra _xInvestigaciones _zBogotá (Colombia) _9173427 |
|
| 650 | 7 |
_aDesarrollo urbano _912996 |
|
| 650 | 7 |
_aEjidos _zBogotá (Colombia) _9173428 |
|
| 710 | 2 |
_aUniversidad Nacional de Colombia _93820 |
|
| 942 |
_2DEWEY _cLIBROUR _a17 _e1 _h711.40986 _mF222c _n0 |
||
| 999 |
_c320599 _d320599 |
||